00865nam a2200253 a 4500008004100000020003200041040002500073041001300098044001100111080001200122100002900134245009400163250001300257260006600270300002800336490002000364500003200384700002600416700002400442700002600466958000600492999001700498952009600515951212s1980||||[C 0 slo c c35 Kčs. q(40000 výtl.) aSNKbslocSNKeAACR21 aslohdan axocSK a839.8-31 aEnevoldová, Karen4aut10aBarbari tiahnu EurópoucKaren Enevold ; Jaroslav Kaňa, Ján Vančo, Jaroslav Kaňa a1., vyd. aBratislavabTatranc1980eSNP, Banská BystricafTlačiarne a320 s., 20,14 AHc21 cm0 aMeteorvZv. 90. aIlustr. tit. list. Vysvetl.1 aKaňa, Jaroslav4trl1 aVančo, Ján4bkd1 aKaňa, Jaroslav4oth aA c10520d10520 001040708Ka10000b10000d2019-11-29g35.00i09893oB 4072r2019-11-29w2019-11-29yKLDO